The Engineer and Construction Control (Record no. 12249)
[ view plain ]
| 000 -LEADER | |
|---|---|
| fixed length control field | 00308 a2200121 4500 |
| 008 - FIXED-LENGTH DATA ELEMENTS--GENERAL INFORMATION | |
| fixed length control field | 231110b ||||| |||| 00| 0 eng d |
| 020 ## - INTERNATIONAL STANDARD BOOK NUMBER | |
| International Standard Book Number | 0727701177 |
| 082 ## - DEWEY DECIMAL CLASSIFICATION NUMBER | |
| Classification number | 690 |
| 100 ## - MAIN ENTRY--PERSONAL NAME | |
| Personal name | W. L. Elsby |
| 245 ## - TITLE STATEMENT | |
| Title | The Engineer and Construction Control |
| 260 ## - PUBLICATION, DISTRIBUTION, ETC. (IMPRINT) | |
| Name of publisher, distributor, etc | Inst of Civil Engineers Pub |
| Date of publication, distribution, etc | 1981 |
| 942 ## - ADDED ENTRY ELEMENTS (KOHA) | |
| Source of classification or shelving scheme | |
| Withdrawn status | Lost status | Source of classification or shelving scheme | Damaged status | Koha normalized classification for sorting | Not for loan | Permanent location | Current location | Date acquired | Source of acquisition | Cost, normal purchase price | Full call number | Barcode | Date last seen | Cost, replacement price | Price effective from | Koha item type |
|---|---|---|---|---|---|---|---|---|---|---|---|---|---|---|---|---|
| 690_000000000000000 | BMS College of Architecture, Design and Planning | BMS College of Architecture, Design and Planning | 2024-01-17 | 10 | 1327.90 | 690 | AR-UG3496 | 2024-01-17 | 1897.00 | 2024-01-17 | UG Books |